000 00943nab a22002537a 4500
003 BR-BrBNA
005 20240301181020.0
008 240301b bl.||||| |||| 00| 0 por d
040 _aBR-BrBNA
_bpor
072 _aF01 ; F03 ; H01
_b1840
100 _aRichter, Neide Terezinha
100 _aTessarioli Neto, João (cons.)
245 _aQuiabo abre as portas ao mercado consumidor
500 _a8 ref.; 2 illus.
650 _aQUIABO
650 _aLEGUME
650 _aVARIEDADE
650 _aPRÁTICA CULTURAL
650 _aCOLHEITA
650 _aTECNOLOGIA DE ALIMENTO
773 0 _01330
_9275254
_dCampinas-SP Coordenadoria de Assistência Técnica Integral - CATI - Centro de Comunicação Rural e Treinamento - CECORT 1979. Data final de publicação em 1990
_o2023-437060
_tCasa da Agricultura (Brazil)
_x0100-6541
_gv. 3(1) p. 30-33 (Jan-Feb 1981)
_wBR2024000186
942 _cAnalítica
999 _c298662
_d298662